| Tag |
First Indicator |
Second Indicator |
Subfields |
| LEADER |
00000cam a2200000 a 4500 |
| 001 |
in00000014224 |
| 005 |
20151007052150.0 |
| 008 |
871001s1986 caua 00110 eng d |
| 010 |
|
|
|a 86051322
|
| 020 |
|
|
|a 0913702420 (pbk.)
|
| 035 |
|
|
|a (OCoLC)16796943
|
| 035 |
|
|
|9 AAA6585AM
|
| 040 |
|
|
|a TXA
|c TXA
|d KMM
|d AGL
|d TXA
|d UtOrBLW
|
| 049 |
|
|
|a TXAM
|c [A12644142]
|
| 050 |
|
4 |
|a SB951.4
|b .R5 1986
|
| 070 |
0 |
|
|a SB951.4.R5
|
| 072 |
|
0 |
|a F900
|
| 100 |
1 |
|
|a Rice, Robert P.
|
| 245 |
1 |
0 |
|a Nursery and landscape weed control manual :
|b by Robert P. Rice, Jr.
|
| 264 |
|
1 |
|a Fresno, Calif. :
|b Thomson Publications,
|c [1986]
|
| 264 |
|
4 |
|c ©1986
|
| 300 |
|
|
|a vii, 264 pages :
|b illustrations ;
|c 24 cm.
|
| 336 |
|
|
|a text
|b txt
|2 rdacontent
|
| 337 |
|
|
|a unmediated
|b n
|2 rdamedia
|
| 338 |
|
|
|a volume
|b nc
|2 rdacarrier
|
| 500 |
|
|
|a Includes indexes.
|
| 650 |
|
0 |
|a Herbicides
|x Handbooks, manuals, etc.
|
| 650 |
|
0 |
|a Weeds
|x Control
|x Handbooks, manuals, etc.
|
| 650 |
|
0 |
|a Weeds
|v Identification
|x Handbooks, manuals, etc.
|
| 999 |
|
|
|a MARS
|
| 999 |
f |
f |
|s d4092547-7e2c-3434-b37d-148b2d8ab0a8
|i 531ba046-a8e8-3c58-9cce-049649836ceb
|t 0
|
| 952 |
f |
f |
|p ric
|a Texas A&M University
|b Rellis Campus
|c Joint Library Facility
|d Remote Storage
|t 0
|e SB951.4 .R5 1986
|h Library of Congress classification
|i unmediated -- volume
|m A14812644142
|
| 998 |
f |
f |
|a SB951.4 .R5 1986
|t 0
|l Remote Storage
|